000 00465nmm a2200145Ia 4500
008 251105s9999||||xx |||||||||||||||||und||
041 _aspa
100 _aMartínez Marrero, Emilio G.
245 0 _aManual de prácticas de neuroanatomía :
_b Laboratorio de morfología
264 _a[Bogotá, Colombia] :
_bUniversidad del Norte,
_c2018
300 _a94 páginas
650 _aMedicine
856 _uhttps://public.digitaliapublishing.com/a/54969
942 _cCF
999 _c106589
_d106589